It's a nonlinear world

Αποθηκεύτηκε σε:
Λεπτομέρειες βιβλιογραφικής εγγραφής
Κύριος συγγραφέας: Enns, Richard H.
Μορφή: Βιβλίο
Γλώσσα:English
Δημοσίευση: New York : Springer, c2011
Σειρά:Springer undergraduate texts in mathematics and technology
Θέματα:
Ετικέτες: Προσθήκη ετικέτας
Δεν υπάρχουν, Καταχωρήστε ετικέτα πρώτοι!

MARC

LEADER 00000nam a2200000 i 4500
001 1/58111
008 141015s2011 eng d
020 |a 978-0-387-75338-6 
035 |l 10119468 
040 |a GR-MY-UA  |b gre  |e aacr 
041 0 |a eng 
082 0 |a 530.15  |2 (23) 
100 1 |a Enns, Richard H. 
245 1 0 |a It's a nonlinear world /  |c Richard H. Enns 
260 |a New York :   |b Springer,   |c c2011 
300 |a xii, 383 σ.;  |b εικ.;  |c 26 εκ. 
490 1 |a Springer undergraduate texts in mathematics and technology 
504 |a Βιβλιογραφία: σ.345-366. Ευρετήριο 
650 0 0 |a Nonlinear theories. 
650 0 0 |a Dynamics. 
830 0 |a Springer undergraduate texts in mathematics and technology 
852 |a INST  |b SAMOS  |e 20141015  |h 530.15 ENN  |p 005300037079  |q 005300037079  |t BK  |y 0 
901 |a BIBL3-2014-3 
909 |a Σ  |b 189198 
922 |a 3ΕΛΗ  |b 201405  |c ΤΜΗΜΑ ΜΑΘΗΜΑΤΙΚΩΝ  |d ΔΙΑΔΡΟΜΕΣ 
970 |a ΚΟΣΙΕΡΗΣ  |b ΧΡΗΣΤΟΣ  |z 2014/10/15